<?xml version="1.0" encoding="UTF-8"?>
<record
    xmlns:xsi="http://www.w3.org/2001/XMLSchema-instance"
    xsi:schemaLocation="http://www.loc.gov/MARC21/slim http://www.loc.gov/standards/marcxml/schema/MARC21slim.xsd"
    xmlns="http://www.loc.gov/MARC21/slim">

  <leader>00815nam a2200217 a 4500</leader>
  <controlfield tag="001">59089</controlfield>
  <controlfield tag="003">BD-RjUL</controlfield>
  <controlfield tag="005">20211209080707.0</controlfield>
  <controlfield tag="008">161221s1975    ii ||||| |||| 00| 0 ben d</controlfield>
  <datafield tag="035" ind1=" " ind2=" ">
    <subfield code="a">(BD-RjUL)59213</subfield>
  </datafield>
  <datafield tag="040" ind1=" " ind2=" ">
    <subfield code="a">BD-RjUL</subfield>
    <subfield code="b">ben</subfield>
    <subfield code="c">BD-RjUL</subfield>
  </datafield>
  <datafield tag="041" ind1=" " ind2=" ">
    <subfield code="a">ben</subfield>
  </datafield>
  <datafield tag="082" ind1=" " ind2=" ">
    <subfield code="2">23</subfield>
    <subfield code="a">321.07</subfield>
    <subfield code="b">DEG 1975</subfield>
  </datafield>
  <datafield tag="100" ind1=" " ind2=" ">
    <subfield code="a">&#x9A6;&#x9C7;, &#x9B8;&#x9C1;&#x9A7;&#x9BE;&#x995;&#x9BE;&#x9A8;&#x9CD;&#x9A4;</subfield>
    <subfield code="9">175731</subfield>
  </datafield>
  <datafield tag="245" ind1="1" ind2="0">
    <subfield code="a">&#x997;&#x9A3;&#x9B0;&#x9BE;&#x99C;&#x9CD;&#x9AF; :</subfield>
    <subfield code="b"> Plato;s ''Republic'' (politei) &#x997;&#x9CD;&#x9B0;&#x9A8;&#x9CD;&#x9A5;&#x9C7;&#x9B0; &#x985;&#x9A8;&#x9C1;&#x9AC;&#x9BE;&#x9A6; /</subfield>
    <subfield code="c">&#x9B8;&#x9C1;&#x9A7;&#x9BE;&#x995;&#x9BE;&#x9A8;&#x9CD;&#x9A4; &#x9A6;&#x9C7;</subfield>
  </datafield>
  <datafield tag="260" ind1=" " ind2=" ">
    <subfield code="a">&#x995;&#x9B2;&#x9BF;&#x995;&#x9BE;&#x9A4;&#x9BE; :</subfield>
    <subfield code="b">&#x9AA;&#x9B6;&#x9CD;&#x99A;&#x9BF;&#x9AE;&#x9AC;&#x999;&#x9CD;&#x997; &#x9B0;&#x9BE;&#x99C;&#x9CD;&#x9AF; &#x9AA;&#x9C1;&#x9B8;&#x9CD;&#x9A4;&#x995; &#x9AA;&#x9B0;&#x9CD;&#x9B7;&#x9A6;,</subfield>
    <subfield code="c">&#x9E7;&#x9EF;&#x9ED;&#x9EB;</subfield>
  </datafield>
  <datafield tag="300" ind1=" " ind2=" ">
    <subfield code="a">&#x9E9;&#x9EF;&#x9EC; &#x9AA;&#x9C3;. ;</subfield>
    <subfield code="c">&#x9E8;&#x9E9; &#x9B8;&#x9C7;&#x9AE;&#x9BF;.</subfield>
  </datafield>
  <datafield tag="600" ind1=" " ind2=" ">
    <subfield code="c">&#x997;&#x9A3;&#x9B0;&#x9BE;&#x99C;&#x9CD;&#x9AF;</subfield>
    <subfield code="9">175732</subfield>
  </datafield>
  <datafield tag="650" ind1=" " ind2=" ">
    <subfield code="a">Republic</subfield>
    <subfield code="9">175733</subfield>
  </datafield>
  <datafield tag="942" ind1=" " ind2=" ">
    <subfield code="2">ddc</subfield>
    <subfield code="c">BK</subfield>
  </datafield>
  <datafield tag="999" ind1=" " ind2=" ">
    <subfield code="c">59089</subfield>
    <subfield code="d">59089</subfield>
  </datafield>
  <datafield tag="952" ind1=" " ind2=" ">
    <subfield code="0">0</subfield>
    <subfield code="1">0</subfield>
    <subfield code="2">ddc</subfield>
    <subfield code="4">0</subfield>
    <subfield code="7">1</subfield>
    <subfield code="8">NFIC</subfield>
    <subfield code="a">RUCL</subfield>
    <subfield code="b">RUCL</subfield>
    <subfield code="c">Reading</subfield>
    <subfield code="d">1980-10-31</subfield>
    <subfield code="e">Uttar Bongo Library, Rajshahi</subfield>
    <subfield code="g">14.00</subfield>
    <subfield code="l">0</subfield>
    <subfield code="o">B 321.07 DEG 1975</subfield>
    <subfield code="r">2016-12-21 00:00:00</subfield>
    <subfield code="t">C-1</subfield>
    <subfield code="w">2016-12-21</subfield>
    <subfield code="y">BK</subfield>
  </datafield>
  <datafield tag="952" ind1=" " ind2=" ">
    <subfield code="0">0</subfield>
    <subfield code="1">0</subfield>
    <subfield code="2">ddc</subfield>
    <subfield code="4">0</subfield>
    <subfield code="7">0</subfield>
    <subfield code="8">NFIC</subfield>
    <subfield code="a">RUCL</subfield>
    <subfield code="b">RUCL</subfield>
    <subfield code="c">Stack</subfield>
    <subfield code="d">1982-08-06</subfield>
    <subfield code="e">Uttar Bongo Library, Rajshahi</subfield>
    <subfield code="g">14.00</subfield>
    <subfield code="l">0</subfield>
    <subfield code="o">B 321.07 DEG 1975</subfield>
    <subfield code="r">2017-01-30 00:00:00</subfield>
    <subfield code="t">C-2</subfield>
    <subfield code="w">2017-01-30</subfield>
    <subfield code="y">BK</subfield>
  </datafield>
</record>
